| 000 | 00724nam a2200253Ia 4500 | ||
|---|---|---|---|
| 003 | OSt | ||
| 005 | 20221006142422.0 | ||
| 006 | a|||||r|||| 00| 0 | ||
| 007 | ta | ||
| 008 | 221006b |||||||| |||| 00| 0 eng d | ||
| 024 | _a6,337 | ||
| 037 |
_bGift, _cTextual |
||
| 040 |
_aEASL _cEASL _beng |
||
| 041 |
_2eng _aeng |
||
| 082 | _aV495.Gy7,1, L0 | ||
| 100 |
_aHEE Park Chung _9336127 |
||
| 245 | 0 |
_aOur nation's path _b Ideology of social reconstruction |
|
| 260 |
_aSeoul _bHollym Corporation Publishers Korea _c1970 |
||
| 300 |
_a240p. _ccm. |
||
| 490 |
_v KEL _aNew Horizon In Asia 1 |
||
| 650 | _aKEL | ||
| 942 |
_hV495.Gy7,1, L0 _cTEXL _2CC |
||
| 999 |
_c1074423 _d1074423 |
||